LIBRARY & INFORMATION CENTRE, KCAET, TAVANUR

ONLINE PUBLIC ACCESS CATALOGUE (OPAC)

Pracheena malayalam, Part- 1 / (Record no. 4007)

MARC details
000 -LEADER
fixed length control field 00397cam a2200157ua 4500
041 ## - LANGUAGE CODE
Language code of text/sound track or separate title mal
082 ## - DEWEY DECIMAL CLASSIFICATION NUMBER
Classification number 494.812
Item number CHA/PR
100 ## - MAIN ENTRY--AUTHOR NAME
Personal name Chattambiswamikal, .
245 ## - TITLE STATEMENT
Title Pracheena malayalam, Part- 1 /
250 ## - EDITION STATEMENT
Edition statement 1 /
260 ## - PUBLICATION, DISTRIBUTION, ETC. (IMPRINT)
Place of publication Thrissur :
Name of publisher Current Books ,
Year of publication 1961.
300 ## - PHYSICAL DESCRIPTION
Number of Pages 168 ; .
942 ## - ADDED ENTRY ELEMENTS (KOHA)
Koha item type Books
Holdings
Withdrawn status Lost status Damaged status Home library Current library Date acquired Full call number Accession Number Koha item type
      KAUAET KAUAET 07/04/2012 494.812 5727 Books
free website counter